000 00323nam a2200121Ia 4500
008 231120s2017 xx 000 0 und d
041 _aeng
082 _a751.42
100 _aROBIN BERRY
245 _aCOMPENDIUM OF WATERCOLOUR TECHNIQUES AND TRADE SECRETS
260 _aSEARCH PRESS
_bSEARCH PRESS
_c2017
300 _aP-176
999 _c933329
_d933329